Score 0/210 Timer 15:00
0 Plays Today
Actor/Actress Character % Correct
Ginnifer GoodwinSnow White\Mary Margaret Blanchard
96.1%
Jennifer MorrisonEmma Swan
95.9%
Bailee MadisonSnow White
95.9%
Abby RossEmma Swan
95.6%
Josh DallasPrince Charming\David Nolan
95.5%
Lana ParrillaThe Evil Queen\Regina Mills\Roni
95.3%
Andrew J. WestHenry Mills
95.3%
Jared S. GilmoreHenry Mills
94.5%
Robert CarlyleRumplestiltskin\Mr. Gold\Weaver
94.2%
Tony PerezHenry Mills Sr.
94.1%
Zak SantiagoPrince Henry
94.1%
Ava AcresRegina Mills
92.9%
Emilie de RavinBelle\Belle French\Lacey
90%
Meghan OryRed Riding Hood\Ruby
89.5%
Colin O'DonoghueCaptain Hook\Killian Jones\Rogers
88.5%
Raphael SbargeJiminy Cricket\Archie Hopper
88.4%
Lee ArenbergGrumpy\Leroy
88.2%
Stephen LordMalcolm
87.4%
Robbie KayPeter Pan
87.3%
Oliver BellKillian Jones
87.2%
Jamie DornanThe Huntsman\Graham Humbert
86.7%
Tiera SkovbyeRobin Hood\Margot
86.4%
Beverley ElliottGranny\Granny
86.2%
Michael Raymond-JamesBaelfire\Neal Cassidy
85.9%
Barbara HersheyThe Queen of Hearts\Cora Mills
85.8%
Rose McGowanCora
85.2%
Isabella Blake-ThomasZelena Mills
84.4%
Jamie ChungMulan
84.4%
Rebecca MaderThe Wicked Witch of the West\Zelena Mills\Kelly West
83.6%
Georgina HaigElsa
83.6%
Eion BaileyPinocchio\August W. Booth
83.5%
Elizabeth LailAnna
83.4%
Sarah BolgerAurora
83%
Keegan Connor TracyThe Blue Fairy\Mother Superior
82.4%
Dania RamirezCinderella\Jacinda Vidrio
82.2%
Tom EllisRobin Hood
80.5%
Sean MaguireRobin Hood
80.5%
Kristen Bauer van StratenMaleficent
80.2%
Jesse HutchPeter
80%
Jessy SchramCinderella\Ashley Boyd
79.9%
Merrin DungeyUrsula
78.4%
Tiffany BooneUrsula
78.3%
Julian MorrisPrince Phillip
78.2%
Seth Isaac JohnsonHansel
78.1%
Victoria SmurfitCruella De Vil
78%
JoAnna Garcia SwisherAriel
77.9%
Tyler Jacob MooreHans
77.8%
Elizabeth MitchellThe Snow Queen\Ingrid\Sarah Fisher
77.5%
Nathan ParsonsHansel\Jack\Nick Branson
76.6%
Brighton SharbinoIngrid
76.5%
Scott Michael FosterKristoff
76.4%
Giancarlo EspositoMagic Mirror\Sidney Glass
76.4%
Rose McIverTinker Bell
75.8%
Yvette Nicole BrownUrsula
75.8%
Tony AmendolaGeppetto\Marco
75.7%
Gabrielle AnwarRapunzel Tremaine\Victoria Belfrey
75.1%
Sebastian StanThe Mad Hatter\Jefferson
74.5%
David AndersVictor Frankenstein\Dr. Whale
72%
Rose ReynoldsAlice\Tilly
71.8%
Greg GermannHades
71.7%
Alan DaleKing George\Albert Spencer
71.6%
Liam GarriganKing Arthur
70.9%
Karley Scott CollinsGretel\Ava Zimmer
70.8%
Freya TingleyWendy Darling
70.7%
Nicholas LeaThe Woodcutter\Michael Tillman
70.4%
Agnes BrucknerLily
70.1%
Anastasia GriffithPrincess Abigail\Kathryn Nolan
69.8%
Andrew AirlieGeorge Darling
69.8%
Sonequa Martin-GreenTamara
69.7%
Alison FernandezLucy
69.5%
Actor/Actress Character % Correct
Ethan EmbryGreg Mendell
69.4%
Gil McKinneyPrince Eric
68.6%
Tim PhillippsPrince Thomas\Sean Herman
68.5%
James ImmekusMichael Darling
68.5%
Matt KaneJohn Darling
68.4%
Rene SoferQueen Eva
68.3%
Richard SchiffKing Leopold
68.2%
Adelaide KaneDrizella\Ivy Belfrey
68.2%
Nicole MunozLily
67.9%
Eric LangePrince Leopold
67.8%
Quinn LordHansel\Nicholas Zimmer
67.8%
Parker CroftFelix
67.7%
Nick EversmanLiam Jones II
67.3%
Emma BoothGothel\Eloise Gardener
67.1%
Elliot KnightMerlin
67%
Michael SochaWill Scarlet
67%
Brandon SpinkBaelfire
66.9%
Christie LaingMarian
66.6%
Karen DavidJasmine
66.1%
Anton StarkmanGideon
65.9%
Deniz AkdenizAladdin
65.9%
Amy AckerNova\Sister Astrid
65.9%
Sara CanningGretel
65.7%
Jaime MurrayThe Black Fairy
65.7%
Teri ReevesDorothy Gale
65%
Meegan WarnerRapunzel Tremaine
64.9%
Jorge GarciaAnton
64.9%
Amy MansonMerida
64.4%
Mekia CoxTiana\Sabine
64.4%
Eric KeenleysideSir Maurice\Moe French
64%
Sinqua WallsSir Lancelot
64%
Christopher GauthierWilliam Smee
63.8%
Rachel ShelleyMilah
63.8%
Dylan SchmidBaelfire
63%
Patrick FischlerIsaac Heller
62.8%
Pascale HuttonGerda
62.5%
Wes BrownGaston
62.2%
Wyatt OleffRumplestiltskin
62.2%
Jonathan WhitesellHercules
62.2%
Giles MattheyGideon
61.1%
Yael YurmanAnastasia
61%
Joana MetrassGuinevere
60%
Olivia Steele FalconerViolet
59.9%
Matreya ScarrwenerDorothy Gale
59.8%
Caroline FordNimue
59.5%
Dan PayneIvo
59%
Emma CaulfieldThe Blind Witch
58.8%
Christopher GorhamThe Wizard of Oz\Walsh
58.5%
Oded FehrJafar
58.4%
Noah BeanDaniel Colter
57.7%
Gabrielle RoseRuth
57.4%
Cassidy FreemanJack
57.3%
Sam WitwerHyde
57.1%
Sally PressmanHelga
56.9%
Dalila BelaGuinevere
56.7%
Bernard CurryLiam Jones
56.6%
Ted WhittallThe King\Mitchell Herman
56.3%
Kacey RohlMegara
55.5%
Alex ZaharaKing Midas
54.9%
Jakob DaviesPinocchio
54.8%
Sunny MabreyGlinda
54.4%
Paul JohanssonThe Woodcutter
53.6%
Alexandra MetzRapunzel
53.3%
Timothy WebberThe Apprentice
52.8%
Hank HarrisJekyll
52.7%
Jeff PierreNaveen\Drew
51.9%
Lisa BanesLady Tremaine
51.2%
Charles MesureBlackbeard
50.5%
Daniel FrancisDr. Facilier\Mr. Samdi
50.5%
Faran TahirCaptain Nemo
50.5%
Actor/Actress Character % Correct
Sara TomkoTiger Lily
50.4%
Brad DourifZoso
50.1%
Ernie HudsonPoseidon
49.6%
Adam CroasdellBrennan Jones
49.3%
Benjamin James StockhamOwen Flynn
48.7%
Marilyn MansonThe Shadow
48.4%
Elizabeth BlackmoreMary
47.1%
Lily KnightWitch
47%
Glenn KeoghKing Fergus
46.9%
Kevin RyanRobert
46.7%
David HoflinZeus
46.4%
Mekenna MelvinClorinda
46.1%
Tzi MaThe Dragon
45.8%
Chad Michael CollinsGerhardt Frankenstein
45.1%
David CubittRobert
45%
Gregory ItzinAlphonse Frankenstein
44.6%
Joaquim de AlmeidaKing Xavier
44.6%
John Rhys-DaviesGrand Pabbie
44.2%
Robin WeigertBo Peep
44.1%
John Pyper-FergusonKurt Flynn
44.1%
Annabeth GishAnita
44%
Henri LubattiLumiere
43.3%
Paul ScheerThe Scarecrow
43.3%
Lesley NicolJohanna
42.4%
Jonathan RunyonDuke of Weselton
41.7%
Wil TravalSheriff of Nottingham\Keith
41.2%
Caroline MorahanQueen Elinor
41%
Ben HollingsworthQuinn
40.7%
Adrian HoughWoodcutter
40.1%
Kip PardueChad
39.9%
Geoff GustafsonStealthy
39.9%
Abraham BenrubiArlo
39.8%
Andrew JenkinsSir Percival
39.2%
Frances O'ConnorColette
39.2%
David De LautourJonathan
39%
Gabrielle MillerFlora
38.2%
Alex DésertStanum
38.1%
Harry GroenerMartin
37.5%
Chad RookCaptain Ahab
37.3%
Sebastian RochéKing Stefan
36.8%
Costas MandylorCaptain Silver
36.6%
Carolyn HennesyMyrna
36.3%
Warren ChristieRyan
36.1%
Naika ToussaintSeraphina
35.7%
Anna GalvinMadeline
35.7%
Brighid Fleming/Shannon LucioSeer
35.5%
Cindy LunaCecelia
34.9%
Matty FinochioMarcus
34.8%
Robin GivensEudora
34.7%
Scott HylandsCaptain
34.5%
Emily TennantIsla
34.4%
Ehren KassamKay
34.1%
Craig HornerThe Count of Monte Cristo
33.9%
Giacomo BaessatoGrif
33.3%
Rya KihlstedtCleo Fox
33.2%
Paul TelferLord Macintosh
33%
Ryan RobbinsSir Morgan
32.9%
Torstein BjørklundBeowulf
32.7%
Max Lloyd-JonesJacob
32.3%
Aaron DouglasFendrake
31.8%
Peter ByrantJailer
31.4%
Arnold PinnockPoole
30.9%
Grayson GabrielRoderick
30.6%
Jonny CoyneDr. Lydgate
30.1%
Julian D. ChristopherAdoption Agent
29.8%
Ty OlssonHordor
29.4%
Skyler GisondoDevin
28.6%
Rebecca WisockyMadame Faustina
27.8%
Bill DowMayor Tomkins
26.5%
Kwesi AmeyawDr. Thatcher
24.2%
Remove Ads.
Support Sporcle.
Get the best of Sporcle when you Go Orange. This ad-free experience offers more features, more stats, and more fun while also helping to support Sporcle. Thank you for becoming a member.

You're not logged in!

Compare scores with friends on all Sporcle quizzes.
OR
Log In

Show Comments

Extras

Top Quizzes Today


Score Distribution

Your Account Isn't Verified!

In order to create a playlist on Sporcle, you need to verify the email address you used during registration. Go to your Sporcle Settings to finish the process.

Report this User

Report this user for behavior that violates our Community Guidelines.

Details: